Dự đoán giành chiến thắng : (Giao dịch chứng khoán, kinh doanh thương mại)

שמור ב:
מידע ביבליוגרפי
מחבר ראשי: Tề Tế
פורמט: ספר
יצא לאור: Văn hoá Thông tin 2003
תגים: הוספת תג
אין תגיות, היה/י הראשונ/ה לתייג את הרשומה!
Thư viện lưu trữ: Mạng thư viện Đại học Đà Nẵng
LEADER 00603nam a2200229 a 4500
001 000029454
003 19396
005 20171030145630.0
008 171030s2003
020 |c 45000 
040 |a LTT 
082 0 |a 332.68  |b TÊ-T 
100 1 |a Tề Tế 
245 0 0 |a Dự đoán giành chiến thắng : (Giao dịch chứng khoán, kinh doanh thương mại)  |c Tề Tế. 
260 |b Văn hoá Thông tin  |c 2003 
OWN |a LTT 
999 |a From the UDN01 
TYP |a Monograph 
TYP |a Printed language 
980 |a Mạng thư viện Đại học Đà Nẵng